[Event "Schaffhausen op"]
[Site "Schaffhausen"]
[Date "2024.01.13"]
[Round "2"]
[White "Ogur, Nidal Hevi"]
[Black "Pan, Yun"]
[Result "1-0"]
[WhiteElo "1573"]
[BlackElo "1776"]
[PlyCount "53"]
[EventDate "2024.01.12"]
[EventType "swiss"]
[EventRounds "5"]
[EventCountry "SUI"]
[SourceTitle "CB04_2024"]
[SourceDate "2023.10.16"]
[SourceVersion "1"]
[SourceVersionDate "2023.10.16"]
[SourceQuality "1"]

1. c4 e5 2. Nc3 Nf6 3. g3 c6 4. d4 e4 5. d5 Bb4 6. Bd2 Na6 7. Bg2 Qe7 8. Nh3 0-0 9. 0-0 Re8 10. a3 Bc5 11. b4 Bd4 12. d6 Qf8 13. Rc1 b6 14. Bg5 Be5 15. Bxf6 Bxf6 16. Nxe4 Bb2 17. Rb1 Bxa3 18. Qa4 Bxb4 19. Rxb4 Nxb4 20. Qxb4 c5 21. Qb1 Bb7 22. Neg5 f5 23. Bxb7 Rab8 24. Bd5+ Re6 25. Nxe6 dxe6 26. Bxe6+ Kh8 27. Qxf5 1-0

[Event "TUR Cup"]
[Site "Denizli"]
[Date "2023.07.18"]
[Round "4"]
[White "Ogur, Nidal Hevi"]
[Black "Celik, Ege Yigit"]
[Result "0-1"]
[WhiteElo "1462"]
[BlackElo "1857"]
[PlyCount "66"]
[EventDate "2023.07.16"]
[EventType "team-tourn"]
[EventRounds "9"]
[EventCountry "TUR"]
[SourceTitle "CBM 215 Extra"]
[Source "ChessBase"]
[SourceDate "2023.09.30"]
[SourceVersion "1"]
[SourceVersionDate "2023.09.30"]
[SourceQuality "1"]

1. e4 c5 2. Nf3 Nc6 3. d4 cxd4 4. Nxd4 Qb6 5. Nb3 Nf6 6. Nc3 e6 7. Be3 Qc7 8. a3 a6 9. f4 d6 10. Bd3 Be7 11. Qf3 b5 12. g4 Bb7 13. g5 Nd7 14. 0-0 0-0 15. Qh3 b4 16. e5 g6 17. exd6 Bxd6 18. Ne4 Be7 19. Qh6 Rfe8 20. Bc5 f5 21. gxf6 Nxf6 22. axb4 Nxe4 23. Bxe4 Nxb4 24. Bxe7 Qxe7 25. Rae1 Bxe4 26. Rxe4 Nxc2 27. Qh3 Rab8 28. Rc1 Qa7+ 29. Kf1 Qb7 30. Rxe6 Nd4 31. Rce1 Nxe6 32. Rxe6 Rxe6 33. Qxe6+ Qf7 0-1

[Event "TUR Cup"]
[Site "Denizli"]
[Date "2023.07.17"]
[Round "2"]
[White "Ogur, Nidal Hevi"]
[Black "Midem, Ismail Eren"]
[Result "1-0"]
[WhiteElo "1462"]
[BlackElo "1420"]
[PlyCount "149"]
[EventDate "2023.07.16"]
[EventType "team-tourn"]
[EventRounds "9"]
[EventCountry "TUR"]
[SourceTitle "CBM 215 Extra"]
[Source "ChessBase"]
[SourceDate "2023.09.30"]
[SourceVersion "1"]
[SourceVersionDate "2023.09.30"]
[SourceQuality "1"]

1. e4 e5 2. Nc3 Nf6 3. f4 d5 4. fxe5 Nxe4 5. Qf3 Nxc3 6. bxc3 Be6 7. d4 c5 8. Bb5+ Nc6 9. Ne2 Be7 10. 0-0 0-0 11. Bd3 Qd7 12. Be3 Rac8 13. Nf4 cxd4 14. Nxe6 Qxe6 15. cxd4 g6 16. Qg3 Kh8 17. Bh6 Rg8 18. Bg5 Bxg5 19. Qxg5 Nxd4 20. Rf6 Qe7 21. Raf1 Rg7 22. Qf4 Ne6 23. Qf2 Kg8 24. Qxa7 Qc5+ 25. Qxc5 Nxc5 26. Rd6 Kf8 27. Rxd5 Ke7 28. Bc4 Ne4 29. Bb3 Nc5 30. Rfd1 Rgg8 31. a4 Rc7 32. Rd6 Ne4 33. Rb6 Nc5 34. a5 Ra8 35. Rb5 Ne4 36. Rf1 Ke8 37. Bd5 Nc5 38. Bxf7+ Rxf7 39. Rxf7 Kxf7 40. Rxc5 Ke6 41. Rb5 h6 42. Rxb7 Rxa5 43. Rb6+ Kf7 44. e6+ Ke7 45. Rc6 Rf5 46. h3 h5 47. g3 Rf8 48. Kg2 Rf5 49. g4 hxg4 50. hxg4 Rf4 51. Kg3 g5 52. Rc5 Kxe6 53. Rxg5 Rc4 54. Rf5 Rxc2 55. Kh4 Rh2+ 56. Kg5 Rg2 57. Rf1 Ke7 58. Kh5 Rh2+ 59. Kg6 Rh3 60. g5 Rh2 61. Kg7 Rh3 62. g6 Rh2 63. Kg8 Rh3 64. g7 Rh2 65. Rf7+ Ke8 66. Rf4 Ke7 67. Re4+ Kd7 68. Kf7 Rf2+ 69. Kg6 Rg2+ 70. Kf6 Kd8 71. Re5 Kd7 72. Rg5 Rf2+ 73. Kg6 Ke7 74. g8Q Rf6+ 75. Kg7 1-0

[Event "TUR Cup"]
[Site "Denizli"]
[Date "2023.07.16"]
[Round "1"]
[White "Atban, Senol"]
[Black "Ogur, Nidal Hevi"]
[Result "1/2-1/2"]
[WhiteElo "1169"]
[BlackElo "1462"]
[PlyCount "113"]
[EventDate "2023.07.16"]
[EventType "team-tourn"]
[EventRounds "9"]
[EventCountry "TUR"]
[SourceTitle "CBM 215 Extra"]
[Source "ChessBase"]
[SourceDate "2023.09.30"]
[SourceVersion "1"]
[SourceVersionDate "2023.09.30"]
[SourceQuality "1"]

1. d4 Nf6 2. c4 e6 3. Nc3 Bb4 4. Bg5 d5 5. e3 0-0 6. Nf3 Nbd7 7. cxd5 exd5 8. Bd3 h6 9. Bh4 c6 10. 0-0 Qa5 11. Qc2 Re8 12. a3 Bxc3 13. bxc3 Ne4 14. c4 Ndf6 15. Bxf6 Nxf6 16. h3 Be6 17. Nd2 Rac8 18. Nb3 Qa4 19. c5 b5 20. Qc3 Ne4 21. Qb4 Rb8 22. Na5 Qxb4 23. axb4 Rec8 24. Nb3 Rc7 25. Ra5 Re8 26. Rfa1 Ree7 27. Nc1 Nd2 28. R1a2 Nc4 29. Bxc4 bxc4 30. Ne2 Bc8 31. Nc3 a6 32. g4 h5 33. gxh5 f5 34. Ne2 Kf7 35. Nf4 Bb7 36. Kg2 Re8 37. Kg3 Rb8 38. R5a4 Bc8 39. Ng6 Bd7 40. Ne5+ Ke6 41. f4 Rcb7 42. Rb2 a5 43. Rxa5 Rxb4 44. Rxb4 Rxb4 45. Ra3 Rb3 46. Rxb3 cxb3 47. Nd3 Be8 48. Kh4 Kd7 49. Kg5 Ke6 50. h4 Bf7 51. h6 gxh6+ 52. Kxh6 Kf6 53. Nb2 Be6 54. Kh7 Bf7 55. h5 Be6 56. h6 Kf7 57. Kh8 1/2-1/2